000 00617nam a22001577a 4500
003 OSt
005 20190806144751.0
008 190806b xxu||||| |||| 00| 0 eng d
040 _cRUA
082 _aLMA YOU 2017 B640 Or.1
100 _913804
_aYOU LY EANG យូរ លីអៀង
245 _aការសិក្សារពីការចុះបញ្ចីដីធ្លីបន្តនៅសង្កាត់កំពង់សំណាញក្រុងតាខ្មៅ ចេត្តកណ្តាល
260 _aRUA
_bPhnom penh
_c2017
300 _axiii;43p
_bill;
_c29cm
942 _2ddc
_cLMA
999 _c18132
_d18132